Loreto College Library, Kolkata
WEBOPAC (ONLINE PUBLIC ACCESS CATALOGUE)

Samuel Smiles' Self-help (Record no. 39246)

MARC details
000 -LEADER
fixed length control field 00689nam a22002417a 4500
005 - DATE AND TIME OF LATEST TRANSACTION
control field 20221027123919.0
008 - FIXED-LENGTH DATA ELEMENTS--GENERAL INFORMATION
fixed length control field 140522b xxu||||| |||| 00| 0 eng d
020 ## - ISBN | অাই এস বি এন
ISBN | অাই এস বি এন 9781905940967
PRICE 180
040 ## - CATALOGING SOURCE
Original cataloging agency Loreto College
041 ## - LANGUAGE CODE
Language code English
082 ## - DDC | ডিউই
Classification number | বর্গসংখ্যা 158.1
Book Number | গ্রন্থাঙ্ক SMI-SHI
100 ## - MAIN ENTRY--PERSONAL NAME | মুখ্য সংলেখ - ব্যাক্তিনাম
Personal name | ব্যাক্তিনাম Shipside, Steve
245 ## - TITLE STATEMENT | অাখ্যা বিবরণী
Title | অাখ্যা Samuel Smiles' Self-help
Sub title | উপঅাখ্যা a 52 brilliant ideas interpretation
Statement of responsibility | লেখকের দায়িত্বের বিবরণ by Steve Shipside
260 ## - IMPRINT | প্রকাশনা ক্ষেত্র
Place of publication | প্রকাশ স্থান Oxford
Name of publisher | প্রকাশকের নাম Infinite Ideas Ltd
Date of publication | প্রকাশ কাল 2009
300 ## - PHYSICAL DESCRIPTION |
Page / Vol. No | পৃষ্ঠা / খন্ড সংখ্যা vii,111p
Other physical details | অনান্য বাহ্যিক বিবরণ 20 cm
500 ## - GENERAL NOTE | সাধারণ টীকা
General note | সাধারণ টীকা First published in 1859
504 ## - BIBLIOGRAPHY, ETC. NOTE
Bibliography, etc Includes index
600 ## - SUBJECT ADDED ENTRY--PERSONAL NAME | বিষয় শিরোনাম - ব্যাক্তিনাম
Personal name | ব্যাক্তিনাম Smiles, Samuel
General subdivision | সাধারণ বিভাগ Self-help
650 ## - SUBJECT ADDED ENTRY--TOPICAL TERM | বিষয় শিরোনাম - মূল বিষয়
Topical term | মূল বিষয় Self- Improvement
650 ## - SUBJECT ADDED ENTRY--TOPICAL TERM | বিষয় শিরোনাম - মূল বিষয়
Topical term | মূল বিষয় Self-development
850 ## - HOLDING INSTITUTION
Holding institution LCLIB
942 ## - ADDED ENTRY ELEMENTS (KOHA)
Koha item type Books
Holdings
Withdrawn status Lost status Source of classification Damaged status Not for loan Home library Current library Date acquired Price Total Checkouts Full call number Accession No. Date last seen Price effective from Koha item type Coded location qualifier
    Dewey Decimal Classification     Loreto College Loreto College 22/05/2014 0.00   158.1 SMI-SHI 50786 42667 22/05/2014 22/05/2014 Books